000 00332 a2200157 4500
001 195210
020 _a978-85-08-11125-1
040 _cMagnum
100 _aJunqueira, Sonia
240 1 0 _aO macaco medroso
_lpor
245 1 0 _aO macaco medroso
300 _a24
362 0 _a2007
697 _aLITERATURA INFANTIL
942 _cBK
999 _c195210
_d195210